Представление документа в формате MARC21

Поле Инд. ПП Название Значение
Тип записи a
Библиографический уровень m
001 Контрольный номер RU/IS/BASE/365077663
005 Дата корректировки 20140227163635.9
040 a Служба первич. каталог. НБ ТвГУ
b Код языка каталог. rus
e Правила каталог. PSBO
041 0_ a Код языка текста rus
080 a Индекс УДК 796.032.2"322"
080 a Индекс УДК 796.071.2(1-87)
084 a Индекс другой классификации/Индекс ББК Ч514(0)9
090 a Полочн. индекс 7А.02И
x Авторский знак Г39
245 10 a Заглавие Герои Московской олимпиады
b Продолж. заглавия очерки о зарубежных спортсменах
c Ответственность [сост. Т. В. Козлова]
260 a Место издания Москва
b Издательство Физкультура и спорт
c Дата издания 1984
300 a Объем 174, [1] с.
b Иллюстрации/ тип воспроизводства ил.
653 a Ключевые слова Герои Олимпийских игр
a Ключевые слова Зарубежные спортсмены
a Ключевые слова Летние Олимпийские игры
a Ключевые слова Международные спортивные соревнования
a Ключевые слова Москва, город
a Ключевые слова Олимпийские игры
a Ключевые слова Спорт
a Ключевые слова Спортсмены
a Ключевые слова Физическая культура и спорт
700 1_ a Другие авторы Козлова Татьяна Васильевна
e Роль лиц сост.
901 t Тип документа m
920 a Оператор Мюл
954 a Дата поступления на обработку 20110727